书目信息 |
| 题名: |
考古遗址景观规划设计
|
|
| 作者: | 张毅 , 邱建 , 李纯 著 | |
| 分册: | ||
| 出版信息: | 成都 西南交通大学出版社 2024.11 |
|
| 页数: | 208页 | |
| 开本: | 26cm | |
| 丛书名: | ||
| 单 册: | ||
| 中图分类: | TU986.2 | |
| 科图分类: | ||
| 主题词: | 文化遗址--wen hua yi zhi--园林设计 | |
| 电子资源: | ||
| ISBN: | 978-7-5643-9880-4 | |
| 000 | 01559nam0 2200313 450 | |
| 001 | 95260 | |
| 005 | 20250902073454.86 | |
| 010 | @a978-7-5643-9880-4@dCNY80.00 | |
| 100 | @a20250308d2024 em y0chiy50 ea | |
| 101 | 0 | @achi |
| 102 | @aCN@b510000 | |
| 105 | @aa a 000yy | |
| 106 | @ar | |
| 200 | 1 | @a考古遗址景观规划设计@Akao gu yi zhi jing guan gui hua she ji@f张毅, 邱建, 李纯著 |
| 210 | @a成都@c西南交通大学出版社@d2024.11 | |
| 215 | @a208页@c图@d26cm | |
| 300 | @a国家自然科学基金项目: 复杂艰险高原铁路建设对沿线城乡空间影响机制与规划调控研究、四川省科技厅重点研发项目: 公园城市的韧性协同规划设计研究及示范、四川省文物局课题: 乡村振兴背景下四川乡村石窟景观研究、绿色理念下四川石窟寺环境整治设计研究项目资助 | |
| 312 | @a英文题名取自封面 | |
| 314 | @a张毅, 四川省建筑设计研究院地域建筑文化研究中心主任、高级工程师, 研究方向: 景观工程 ; 参与国家自然科学基金面上项目2项、四川省科技支撑计划项目1项 ; | |
| 320 | @a有书目 (第197-208页) | |
| 330 | @a本书分上下两篇, 上篇理论探讨: 从价值分析入手, 阐释了考古遗址景观的内涵与外延, 提出了考古遗址景观规划设计的核心理念包括保护与传承的平衡、最小干预原则、环境可逆化、展示一致性和可持续性等方面 ; 下篇案例分析: 通过具体的案例分析, 展示规划设计理念和模式在实际应用中的效果。 | |
| 510 | 1 | @aLandscape planning and design of archaeological sites@zeng |
| 606 | 0 | @a文化遗址@Awen hua yi zhi@x园林设计 |
| 690 | @aTU986.2@v5 | |
| 701 | 0 | @a张毅@Azhang yi@4著 |
| 701 | 0 | @a邱建@Aqiu jian@4著 |
| 701 | 0 | @a李纯@Ali chun@4著 |
| 801 | 0 | @aCN@c20250909 |
| 905 | @a河南城建学院图书馆@dTU986.2@eZ223@f1 | |
| 考古遗址景观规划设计/张毅, 邱建, 李纯著.-成都:西南交通大学出版社,2024.11 |
| 208页:图;26cm |
| 国家自然科学基金项目: 复杂艰险高原铁路建设对沿线城乡空间影响机制与规划调控研究、四川省科技厅重点研发项目: 公园城市的韧性协同规划设计研究及示范、四川省文物局课题: 乡村振兴背景下四川乡村石窟景观研究、绿色理念下四川石窟寺环境整治设计研究项目资助 |
| ISBN 978-7-5643-9880-4:CNY80.00 |
| 本书分上下两篇, 上篇理论探讨: 从价值分析入手, 阐释了考古遗址景观的内涵与外延, 提出了考古遗址景观规划设计的核心理念包括保护与传承的平衡、最小干预原则、环境可逆化、展示一致性和可持续性等方面 ; 下篇案例分析: 通过具体的案例分析, 展示规划设计理念和模式在实际应用中的效果。 |
| ● |
| 相关链接 |
|
|
|
正题名:考古遗址景观规划设计
索取号:TU986.2/Z223
 
预约/预借
| 序号 | 登录号 | 条形码 | 馆藏地/架位号 | 状态 | 备注 |
| 1 | 1629318 | 216293188 | 建筑库201/201建筑库 111排1列4层/ [索取号:TU986.2/Z223] | 在馆 |